Alvar Aalto
Պահպանված է:
| Հիմնական հեղինակ: | |
|---|---|
| Ձևաչափ: | Գիրք |
| Լեզու: | իսպաներեն |
| Հրապարակվել է: |
Barcelona
UPC
2001
|
| Շարք: | Khora, 6
|
| Խորագրեր: | |
| Ցուցիչներ: |
Ավելացրեք ցուցիչ
Չկան պիտակներ, Եղեք առաջինը, ով նշում է այս գրառումը!
|
MARC
| LEADER | 00000nam a2200000 a 4500 | ||
|---|---|---|---|
| 001 | UCL6044 | ||
| 003 | CL-VaPUC | ||
| 008 | 040326e20010000SP |||||||||||||||||spa|d | ||
| 020 | |a 8483015536 | ||
| 082 | 0 | 4 | |a 720.1 |b MUN |2 21 |
| 100 | |a Muntañola i Thornberg, Josep |e autor |9 483792 | ||
| 245 | 1 | 0 | |a Alvar Aalto |
| 300 | |a 111 p | ||
| 942 | |c BK | ||
| 945 | |d 20040326 00:00:00 |a cmena | ||
| 260 | |a Barcelona |b UPC |c 2001 | ||
| 600 | 0 | 7 | |a ALVAR AALTO, HUGO HENRIK |2 CL-VaPUC |9 370622 |
| 650 | 0 | |a Arquitectura |9 804558 | |
| 650 | 7 | |a TEORIA DE LA ARQUITECTURA |2 CL-VaPUC |9 483680 | |
| 650 | 0 | |a Arquitectura moderna |9 265021 | |
| 650 | 0 | |a Arquitectos finlandeses |9 483808 | |
| 583 | |a last modification |c 20040326 00:00:00 |k Rodrigo Vera | ||
| 490 | 0 | |a Khora, 6 | |
| 999 | |c 308341 |d 308339 | ||
| 952 | |0 0 |1 0 |2 ddc |4 0 |6 720_100000000000000_MUN_2001 |7 0 |8 P |9 374775 |a BIBARQ |b BIBARQ |d 2019-11-21 |i 3981304 |o 720.1 MUN 2001 |p 3981304 |r 2025-01-20 |w 2019-11-21 |y BK |k ARQ | ||